Por quién doblan las campanas / trad. por lola de aguado
Guardado en:
| Autor Principal: | |
|---|---|
| Otros Autores: | |
| Formato: | Libro |
| Publicado: |
Barcelona :
Seix Barral,
1983
|
| Materias: | |
| Etiquetas: |
Agregar Etiqueta
Sin Etiquetas, Sea el primero en etiquetar este registro!
|
| LEADER | 00651nam a22002055a 4500 | ||
|---|---|---|---|
| 001 | EHU.bham043202 | ||
| 003 | AR-BHAM | ||
| 005 | 20150511132728.0 | ||
| 008 | 130507s1983##################000#0#####d | ||
| 020 | |a 8432221643 | ||
| 082 | 8 | 1 | |a 813.5 |
| 100 | 1 | |a Hemingway, Ernest | |
| 245 | 1 | 0 | |a Por quién doblan las campanas / |b trad. por lola de aguado |c Ernest Hemingway : |
| 260 | |a Barcelona : |b Seix Barral, |c 1983 | ||
| 300 | |a 413 p. | ||
| 653 | |a Literatura norteamericana | ||
| 653 | |a Novela norteamericana | ||
| 653 | |a Literatura estadounidense | ||
| 700 | 1 | |a Aguado, Lola de, trad. | |
| 859 | |a AR-BHAM |b BIB. HUMANIDADES - General |h 813.5 |i H373-11 |p 104.15 |t Ej.1 | ||
